Nejčastější mužská jména v Česku - Statistics

General Stats
  • This quiz has been taken 37 times
  • The average score is 78 of 173
Answer Stats
Pořadí Jméno Četnost % Correct
1 Jiří 296 090
100%
30 Adam 47 837
94%
13 František 122 910
94%
14 Jakub 108 013
94%
2 Jan 293 938
94%
72 Ján 8 532
94%
5 Pavel 200 997
94%
3 Petr 272 135
94%
123 Dan 2 478
88%
29 Filip 50 464
88%
16 Karel 104 072
88%
7 Tomáš 181 926
88%
18 David 101 311
81%
23 Marek 63 088
81%
6 Martin 188 380
81%
20 Ondřej 76 225
81%
150 Ondrej 1 376
81%
158 Cyril 1 279
75%
37 Libor 30 464
75%
17 Lukáš 102 982
75%
45 Matyáš 22 954
75%
11 Václav 123 927
75%
10 Zdeněk 126 094
75%
116 Zdenek 2 685
75%
46 Ivan 22 942
69%
8 Jaroslav 172 785
69%
38 Jindřich 26 230
69%
4 Josef 211 317
69%
78 Ludvík 7 219
69%
31 Matěj 38 519
69%
15 Milan 107 458
69%
40 Miloš 25 509
69%
9 Miroslav 147 753
69%
129 Ota 2 155
69%
19 Vladimír 83 762
69%
28 Vojtěch 52 802
69%
65 Alois 10 594
63%
25 Daniel 60 935
63%
142 Gustav 1 654
63%
170 Hugo 1 038
63%
35 Jaromír 30 984
63%
21 Ladislav 69 797
63%
107 Otto 3 627
63%
36 Patrik 30 682
63%
26 Radek 58 589
63%
42 Štěpán 24 148
63%
60 Vladislav 12 854
63%
109 Alex 3 397
56%
115 Andrej 2 720
56%
144 Anton 1 626
56%
32 Dominik 33 322
56%
76 Emil 7 650
56%
55 Ivo 16 587
56%
153 Leo 1 353
56%
22 Roman 67 754
56%
54 Rostislav 16 659
56%
53 Šimon 17 303
56%
171 Simon 1 017
56%
68 Tadeáš 9 039
56%
51 Vít 18 444
56%
27 Antonín 53 794
50%
70 Eduard 8 708
50%
86 Leoš 5 796
50%
41 Lubomír 24 607
50%
34 Miloslav 32 769
50%
83 Otakar 6 253
50%
133 Oto 1 982
50%
154 Teodor 1 345
50%
90 Vratislav 5 584
50%
104 Arnošt 3 793
44%
88 Bedřich 5 771
44%
63 Bohuslav 11 868
44%
143 Bořivoj 1 634
44%
89 Erik 5 656
44%
161 Ferdinand 1 240
44%
58 Kamil 14 052
44%
110 Kristián 3 355
44%
64 Kryštof 11 696
44%
48 Luboš 21 994
44%
56 Luděk 15 104
44%
91 Marian 5 414
44%
122 Marián 2 543
44%
134 Max 1 978
44%
84 Mikuláš 6 008
44%
167 Norbert 1 114
44%
43 Oldřich 24 048
44%
49 Radim 20 514
44%
85 Radovan 5 857
44%
50 Richard 20 467
44%
24 Stanislav 61 889
44%
61 Zbyněk 12 802
44%
52 Bohumil 17 527
38%
101 Bohumír 4 098
38%
128 Boris 2 191
38%
146 Čeněk 1 547
38%
79 Denis 6 745
38%
57 Dušan 14 972
38%
163 Emanuel 1 218
38%
99 Jáchym 4 346
38%
95 Jonáš 5 245
38%
108 Lumír 3 500
38%
92 Matouš 5 362
38%
59 Michael 12 927
38%
12 Michal 123 324
38%
152 Oskar 1 357
38%
94 Přemysl 5 248
38%
148 Prokop 1 414
38%
47 Robert 22 116
38%
44 Rudolf 23 710
38%
74 Samuel 8 158
38%
124 Slavomír 2 306
38%
117 Adolf 2 632
31%
145 Adrian 1 549
31%
33 Aleš 33 074
31%
82 Alexandr 6 609
31%
111 Evžen 3 112
31%
98 Hynek 4 661
31%
102 Igor 3 981
31%
125 Maxmilián 2 268
31%
114 Mojmír 2 813
31%
66 René 9 352
31%
87 Robin 5 793
31%
97 Sebastian 4 694
31%
140 Sebastián 1 814
31%
106 Svatopluk 3 669
31%
119 Tibor 2 600
31%
62 Viktor 11 982
31%
80 Vilém 6 701
31%
166 Vincent 1 127
31%
162 Alan 1 235
25%
121 Čestmír 2 562
25%
75 Dalibor 8 108
25%
168 Damián 1 091
25%
159 Hubert 1 260
25%
173 Imrich 1 004
25%
73 Jozef 8 526
25%
141 Leopold 1 690
25%
151 Lubor 1 359
25%
138 Maxim 1 856
25%
105 Nikolas 3 702
25%
77 Radomír 7 363
25%
118 Radoslav 2 620
25%
81 Tobiáš 6 617
25%
136 Tobias 1 911
25%
135 Vítek 1 940
25%
67 Vítězslav 9 275
25%
126 Albert 2 249
19%
112 Alexander 2 984
19%
93 Břetislav 5 328
19%
103 Bronislav 3 827
19%
131 Drahomír 2 027
19%
172 Drahoslav 1 015
19%
155 Eliáš 1 336
19%
149 Kevin 1 412
19%
100 Oliver 4 235
19%
157 Radomil 1 301
19%
69 Štefan 9 004
19%
156 Viliam 1 332
19%
39 Vlastimil 26 014
19%
147 Bohdan 1 418
13%
164 Bruno 1 182
13%
137 Gabriel 1 861
13%
127 Juraj 2 242
13%
160 Karol 1 244
13%
169 Mario 1 043
13%
113 Vlastislav 2 961
13%
165 Erich 1 130
6%
132 Julius 2 014
6%
71 Marcel 8 695
6%
130 Nicolas 2 126
6%
139 Pavol 1 836
6%
96 Peter 4 886
6%
120 Květoslav 2 563
0%
No matching quizzes found
Score Distribution
Percent of People with Each Score
Percentile by Number Answered
Your Score History
You have not taken this quiz